Plan de desarrollo del cantón de Sarapiquí: diagnóstico socio-económico /
Bewaard in:
| Hoofdauteur: | |
|---|---|
| Andere auteurs: | , , |
| Formaat: | Thesis |
| Gepubliceerd in: |
Heredia:
Universidad Nacional. Escuela de Planificación y Promoción Social
|
| Tags: |
Voeg label toe
Geen labels, Wees de eerste die dit record labelt!
|
MARC
| LEADER | 00000 a a2200000 04500 | ||
|---|---|---|---|
| 001 | 21000 | ||
| 003 | |||
| 040 | |||
| 090 | |a 09044.01 | ||
| 100 | |a Salas, Emilce | ||
| 245 | |a Plan de desarrollo del cantón de Sarapiquí: diagnóstico socio-económico / |c Emilce Salas | ||
| 260 | |a Heredia: |b Universidad Nacional. Escuela de Planificación y Promoción Social | ||
| 300 | |a 180 páginas | ||
| 502 | |a Tesis (Licenciados en Planificación) -- Universidad Nacional. Escuela de Planificación y Promoción Social, 1979 | ||
| 700 | |a Víquez, Sara | ||
| 700 | |a Baltodano, Damaris | ||
| 700 | |a Villafuerte Cubillo, Julio | ||
| 999 | |c 18170 |d 18170 | ||
